000 00561nam a2200241Ia 4500
003 OSt
005 20220912145606.0
006 a|||||r|||| 00| 0
007 ta
008 220909b |||||||| |||| 00| 0 eng d
024 _a70630
037 _cTextual
040 _aCSL
_beng
_cCSL
041 _aeng
082 _aG, 113E2
100 _aKraeplein Karl
245 0 _aEinfuhrung in die biologie
260 _c1912
300 _ap.
_ccm.
650 _aBiology
942 _hG, 113E2
_cTEXL
_2CC
999 _c34493
_d34493